000 00563nam a2200181Ia 4500
003 GCL
008 140319s9999 xx 000 0 ara d
040 _aGCL /
_cGCL
082 0 4 _a843
_bب ل
100 1 _aباتى، سنجوالا
245 1 0 _aليلى والغريب /
_cباتى، سنجوالا
260 _a[S.N] :
_bدار الراتب الجامعية
300 _a123
490 _aروايات سوفينير
_v0
650 0 4 _aالادب الفرنسى المترجم
650 0 4 _aالقصص الفرنسية المترجمة
942 _2ddc
_cBK
999 _c33565
_d33565